The EDGE of the SILVER SEA / (Record no. 198453)

MARC details
000 -LEADER
fixed length control field 01141nam a2200289 i 4500
003 - CONTROL NUMBER IDENTIFIER
control field OSt
005 - DATE AND TIME OF LATEST TRANSACTION
control field 20250114154352.0
008 - FIXED-LENGTH DATA ELEMENTS--GENERAL INFORMATION
fixed length control field 250114t20242024stkab j 000 1 eng d
020 ## - INTERNATIONAL STANDARD BOOK NUMBER
International Standard Book Number 9781782509172
Terms of availability RM 54.50
Qualifying information paperback
040 ## - CATALOGING SOURCE
Original cataloging agency PPAK
Language of cataloging eng
Transcribing agency PPAK
Description conventions rda
082 04 - DEWEY DECIMAL CLASSIFICATION NUMBER
Edition number 23
Classification number 823.92
090 00 - LOCALLY ASSIGNED LC-TYPE CALL NUMBER (OCLC); LOCAL CALL NUMBER (RLIN)
Classification number (OCLC) (R) ; Classification number, CALL (RLIN) (NR) 823.92
Feature heading MUL
Feature heading K
100 1# - MAIN ENTRY--PERSONAL NAME
Personal name Mullarky, Alex,
Relator term author.
245 10 - TITLE STATEMENT
Title The EDGE of the SILVER SEA /
Statement of responsibility, etc. ALEX MULLARKY
264 #1 - PRODUCTION, PUBLICATION, DISTRIBUTION, MANUFACTURE, AND COPYRIGHT NOTICE
Place of production, publication, distribution, manufacture Edinburgh :
Name of producer, publisher, distributor, manufacturer Kelpies,
Date of production, publication, distribution, manufacture, or copyright notice [2024]
Date of production, publication, distribution, manufacture, or copyright notice ©2024
300 ## - PHYSICAL DESCRIPTION
Extent 280 pages :
Other physical details illustrations, maps ;
Dimensions 20 cm
336 ## - CONTENT TYPE
Content type term text
Source rdacontent
337 ## - MEDIA TYPE
Media type term unmediated
Source rdamedia
338 ## - CARRIER TYPE
Carrier type term volume
Source rdacarrier
500 ## - GENERAL NOTE
General note Description based upon print version of record
520 ## - SUMMARY, ETC.
Summary, etc. Forced to move to a remote island, Blair is miserable. When an otherworldly woman offers an irresistible deal, Blair discovers that her new home is a darkly magical place, and a fey bargain cannot be broken. From the author of The Sky Beneath the Stone.<br/>
650 20 - SUBJECT ADDED ENTRY--TOPICAL TERM
Topical term or geographic name entry element Wishes
Form subdivision Juvenile fiction
Topical term or geographic name entry element Fairies
Form subdivision Juvenile fiction
Topical term or geographic name entry element Islands
Form subdivision Juvenile fiction
942 ## - ADDED ENTRY ELEMENTS (KOHA)
Source of classification or shelving scheme Dewey Decimal Classification
Koha item type Book
Holdings
Withdrawn Not for loan Current library Shelving location Date acquired Total Checkouts Total Renewals Full call number Barcode Date last seen Date last checked out Koha item type
    Perpustakaan Alor Setar Pinjaman Kanak-kanak 23/01/2025 2 1 K 823.92 MUL A01858712 17/08/2025 16/07/2025 Book